Biblioteca

La Santa Biblia (Registro nro. 32939)

Detalles MARC
000 -LÍDER
Campo fijo de descripción fija 00689nam a22002297a 4500
001 - NÚMERO DE CONTROL
Campo de control 1711
003 - IDENTIFICADOR DEL NÚMERO DE CONTROL
Campo de control CO-MdFUSB
005 - FECHA Y HORA DE LA ULTIMA TRANSACCIÓN
control field 20190202100311.0
008 - ELEMENTOS DE LONGITUD FIJA -- INFORMACIÓN GENERAL
Campo fijo de descripción fija -- Información general 170512t1960 c ||||| |||| 00| 0 s d
040 ## - FUENTE DE CATALOGACIÓN
Agencia de catalogación original CO-MdFUSB
Idioma de catalogación spa
Agencia que realiza la transcripción CO-MdFUSB
Agencia que realiza la modificación CO-MdFUSBC
Convenciones de la descripción rda
041 0# - CÓDIGO DE IDIOMA
Código de idioma para texto/pista de sonido o título separado spa
082 04 - NÚMERO DE CLASIFICACIÓN DECIMAL DEWEY
Número de clasificación G 220.546 R364s
245 13 - TÍTULO
Título del Material La Santa Biblia
Parte restante del título - Subtitulo : Versión Reina-Valera 1960
Mención de responsabilidad, etc. / Sociedades Bíblicas en América Latina
264 #4 - PRODUCCIÓN, PUBLICACIÓN, DISTRIBUCIÓN, MANUFACTURA, Y COPYRIGHT
Lugar de producción, publicación, distribución, manufactura Bogotá, Colombia :
Nombre del productor, publicador, distribuidor Sociedades Bíblicas en América Latina,
Fecha de producción, publicación, distribución, manufactura, o copyright ©1960
300 ## - DESCRIPCIÓN FÍSICA
Extensión 1157 Pag
336 ## - TIPO DE CONTENIDO
Fuente rdacontent
Término de tipo de contenido
Código de tipo de contenido
337 ## - TIPO DE MEDIO
Fuente rdamedia
Nombre del tipo de medio
Código del tipo de medio
338 ## - TIPO DE SOPORTE
Fuente rdacarrier
Nombre del tipo de soporte
Código Tipo de soporte
650 #0 - ASIENTO SECUNDARIO DE MATERIA - TERMINO TEMÁTICO
Término temático o nombre geográfico como elemento de entrada Biblia
9 (RLIN) 16
653 ## - TÉRMINO DE INDIZACIÓN - NO CONTROLADO
Término no controlado Versiones de la Biblia
942 ## - TIPO DE MATERIAL (KOHA)
Tipo de Item KOHA Libros General
Existencias
Estado de Material Estado de Perdido Estado de Dañado No para Préstamo Colección Tomo Biblioteca de Origen Biblioteca Permanente Fecha de Adquisición Total de Préstamos Signatura Topográfica Código de Barras Última vez visto Ejemplar/Existencia Fecha de Remplazo Tipo de Material Última vez Préstado
        Colección General   Biblioteca FUSBC Biblioteca FUSBC 27/10/2004   G 220.546 R364s 1221 27/08/2024 1 26/01/2016 Libros General  
        Colección General   Biblioteca FUSBC Biblioteca FUSBC 08/08/2011 3 G 220.546 R364s 17429 28/02/2026 4 26/01/2016 Libros General 28/02/2026
        Colección General   Biblioteca FUSBC Biblioteca FUSBC 27/10/2004   G 220.546 R364s 1240 12/12/2019 3 26/01/2016 Libros General  
        Colección General   Biblioteca FUSBC Biblioteca FUSBC 27/10/2004   G 220.546 R364s 1222 12/12/2019 2 26/01/2016 Libros General  

Biblioteca FUSBC | Teléfono: (57+4) 349 88 10 Ext. 141| WhatsApp (+57) 3005338115 
E-mail: biblioteca@unisbc.edu.co | Calle 76 87-14 Robledo Palenque, Medellín, Colombia

Con tecnología Koha